Tăng trưởng kinh tế và công bằng xã hội lý thuyết và thực tiễn ở Thành phố Hồ Chí Minh

Gespeichert in:
Bibliographische Detailangaben
1. Verfasser:  Đỗ Phú Trần Tình
Format: Sách
Sprache:Undetermined
Veröffentlicht:  Lao động  2010
Schlagworte:
Tags: Tag hinzufügen
Keine Tags, Fügen Sie den ersten Tag hinzu!
Thư viện lưu trữ: Trung tâm Thư viện - Trường Đại học Công nghiệp TP. Hồ Chí Minh
LEADER 00631nam a2200157Ia 4500
001 UIH_04953
008 231011s9999 xx 000 0 und d
082 |a  330.959771 
100 |a  Đỗ Phú Trần Tình 
245 0 |a  Tăng trưởng kinh tế và công bằng xã hội lý thuyết và thực tiễn ở Thành phố Hồ Chí Minh 
245 0 |c  Đỗ Phú Trần Tình 
260 |b  Lao động 
260 |c  2010 
650 |a  Tăng trưởng kinh tế;  
927 |a Sách 
980 |a Trung tâm Thư viện - Trường Đại học Công nghiệp TP. Hồ Chí Minh